• 首页
  • 本馆介绍
  • 公告通知
  • 最新文献
  • 馆藏检索
  • 电子资源
  • 读者导购
  • 参考咨询
  • 我的图书馆
  • 登录
  • 详细信息显示
  • 放入我的书架
  • 预约/预借图书
  • 作者相关作品
  • 分类相关作品
  • 丛书相关作品
  • 出版社相关作品

书目信息

  • 表格格式
  • 工作单格式
  • 卡片格式
题名:
惯用语汇释
    
 
作者: 孟宪章 , 田秉锷 编
分册:  
出版信息: 呼和浩特   内蒙古人民出版社  1986
页数: 340页
开本: 19cm
丛书名:
单 册:
中图分类: H136.4
科图分类:
主题词: 汉语-社会习惯语--释例 , 社会习惯语-汉语--释例
电子资源:
ISBN:
000 00698nam0 2200253 45
001 0186007288
005 20040420095420.6
010    @dCNY1.75
100    @a19951030d1986 em y0chiy0121 ea
101 0  @achi
102    @aCN@b150000
105    @ay z 000yy
106    @ar
200 10 @a惯用语汇释@Aguan yong yu hui shi@f孟宪章,田秉锷编
210    @a呼和浩特@c内蒙古人民出版社@d1986
215    @a340页@d19cm
606    @a汉语-社会习惯语@x释例
606    @a社会习惯语-汉语@x释例
690    @aH136.4@v3
701  0 @a孟宪章@4编@Ameng xian zhang
701  0 @a田秉锷@4编@Atian bing e
801  0 @aCN@b深圳图书馆@c20040420
801  2 @aCN@bNLC@c20040420
905    @f2@b161754-755@dH136.4@e107
    
    惯用语汇释/孟宪章,田秉锷编.-呼和浩特:内蒙古人民出版社,1986
    340页;19cm
    
    
    ISBN :CNY1.75
    
●
相关链接 在E读中查询图书 在五车中查询图书 在当当中查询图书 在豆瓣中查询图书


正题名:惯用语汇释     索取号:H136.4/107         预约/预借

序号 登录号 条形码 馆藏地/架位号 状态 备注
1 0161754   000836625   密集书库/ [索取号:H136.4/107] 在馆    
2 0161755   000836581   第四借阅区/ [索取号:H136.4/107] 在馆    
3 0161756   202074717   第二样本阅览室/ [索取号:H136.4/107] 在馆    
唐山师范学院图书馆 欢迎您!
大连网信软件有限公司© 版权所有